000 00975cam a2200265 a 4500
005 20230714103734.0
008 091217s2010 njua 001 0 eng
010 _a 2009943642
020 _a9780470578315 (pbk. : alk. paper)
040 _aDLC
_cDLC
042 _apcc
082 _a658.874
_bTON-P
100 1 _aTonkin, Sebastian.
245 1 0 _aPerformance marketing with Google Analytics :
_bstrategies and techniques for maximizing online ROI /
_cSebastian Tonkin, Caleb Whitmore, Justin Cutroni.
260 _aHoboken, N.J. :
_bWiley Pub.,
_cc2010.
300 _axxiii, 427 p. :
_bill., maps ;
_c24 cm.
500 _aIncludes index.
650 0 _aInternet marketing.
650 0 _aWeb usage mining.
700 1 _aWhitmore, Caleb.
700 1 _aCutroni, Justin.
906 _a7
_bcbc
_corignew
_d2
_eepcn
_f20
_gy-gencatlg
999 _c25978
_d25978